Acoso y hostigamiento sexual en estudiantes universitarios : (Record no. 196107)
[ view plain ]
| 000 -CABECERA | |
|---|---|
| campo de control de longitud fija | 02272nab a2200349 a 4500 |
| 005 - FECHA Y HORA DE LA ÚLTIMA TRANSACCIÓN | |
| campo de control | 20210219163512.0 |
| 008 - ELEMENTOS DE LONGITUD FIJA--INFORMACIÓN GENERAL | |
| campo de control de longitud fija | 991125s1985 mx 000 0 spa u |
| 035 ## - NÚMERO DE CONTROL DEL SISTEMA | |
| Número de control de sistema | UPN01000224010 |
| 049 ## - COLECCIÓN | |
| Colección | ART |
| 100 1# - ASIENTO PRINCIPAL--NOMBRE PERSONAL | |
| Nombre de persona | Echeverría Echeverría, Rebelín |
| 100 1# - ASIENTO PRINCIPAL--NOMBRE PERSONAL | |
| Filiación | rebelin.echeverria@gmail.com |
| 100 1# - ASIENTO PRINCIPAL--NOMBRE PERSONAL | |
| Nombre de persona | Paredes Guerrero, Leticia |
| 100 1# - ASIENTO PRINCIPAL--NOMBRE PERSONAL | |
| Filiación | leticiaparedes1@hotmail.com |
| 100 1# - ASIENTO PRINCIPAL--NOMBRE PERSONAL | |
| Nombre de persona | Diódora Kantún Chim, María |
| 100 1# - ASIENTO PRINCIPAL--NOMBRE PERSONAL | |
| Filiación | kchim@correo.uady.mx |
| 100 1# - ASIENTO PRINCIPAL--NOMBRE PERSONAL | |
| Nombre de persona | Batún Cutz, José Luis |
| 100 1# - ASIENTO PRINCIPAL--NOMBRE PERSONAL | |
| Filiación | jbatun@correo.uady.mx |
| 100 1# - ASIENTO PRINCIPAL--NOMBRE PERSONAL | |
| Nombre de persona | Carrillo Trujillo, Carlos David |
| 100 1# - ASIENTO PRINCIPAL--NOMBRE PERSONAL | |
| Filiación | carrillo.trujillo@gmail.com |
| 222 #0 - TÍTULO CLAVE | |
| Título clave | ENSEÑANZA E INVESTIGACION EN PSICOLOGIA |
| 245 00 - MENCIÓN DE TÍTULO | |
| Título | Acoso y hostigamiento sexual en estudiantes universitarios : |
| Resto del título | un acercamiento cuantitativo |
| 260 ## - PUBLICACIÓN, DISTRIBUCIÓN, ETC. | |
| Lugar de publicación, distribución, etc. | Jalapa, Veracruz |
| 300 ## - DESCRIPCIÓN FÍSICA | |
| Extensión | 15-26 |
| 362 0# - FECHAS DE PUBLICACIÓN Y/O DESIGNACIÓN SECUENCIAL | |
| Fecha de publicación y/o designación secuencial | 2017 Volumen 22, número 1, enero-abril |
| 520 3# - NOTA DE RESUMEN, ETC. | |
| Sumario, etc. | El acoso es una expresión de violencia que ocurre en diferentes contextos, que visibiliza la posición de desigualdad y del ejercicio del poder, en donde la condición de género desempeña un papel central. Particularmente, su presencia en las universidades resulta de gran relevancia. El objetivo del presente trabajo, hecho mediante una encuesta en línea, fue describir la situación de acoso y hostigamiento sexual en la Universidad Autónoma de Yucatán, para así generar una propuesta de prevención, atención y sanción. La metodología utilizada fue cuantitativa, exploratoria y transversal. En una muestra intencional, participaron 2,070 estudiantes de ambos sexos, alumnos de diversas facultades. Los resultados muestran que son las mujeres quienes experimentan con mayor frecuencia el acoso u hostigamiento y que los hombres registran con mayor frecuencia situaciones consideradas graves, como el intento de violación. Los compañeros, otras personas y los profesores son quienes con mayor frecuencia acosan u hostigan. Se discuten las posibles acciones a desarrollar para erradicar dicha violencia en la universidad |
| 653 0# - TERMINO DE INDIZACION - NO CONTROLADO | |
| Término no controlado | ACOSO SEXUAL |
| 653 0# - TERMINO DE INDIZACION - NO CONTROLADO | |
| Término no controlado | HOSTIGAMIENTO SEXUAL |
| 653 0# - TERMINO DE INDIZACION - NO CONTROLADO | |
| Término no controlado | EDUCACION SUPERIOR |
| 653 0# - TERMINO DE INDIZACION - NO CONTROLADO | |
| Término no controlado | YUCATAN, MEXICO |
| 856 4# - LOCALIZACIÓN Y ACCESO ELECTRÓNICOS | |
| Identificador Uniforme del Recurso | <a href="http://www.redalyc.org/articulo.oa?id=29251161002">http://www.redalyc.org/articulo.oa?id=29251161002</a> |
| 905 ## - TIPO DE MATERIAL | |
| Tipo de material | Articulo |
No items available.
